Crops in construction handbook (Record no. 104994)
[ view plain ]
| 000 -LEADER | |
|---|---|
| fixed length control field | 01224cam a2200277 4500 |
| 001 - CONTROL NUMBER | |
| control field | ##L132052 |
| 008 - FIXED-LENGTH DATA ELEMENTS--GENERAL INFORMATION | |
| fixed length control field | 051222n2004 000 0 eng u |
| 020 ## - INTERNATIONAL STANDARD BOOK NUMBER | |
| International Standard Book Number | 0860176142 |
| 035 ## - SYSTEM CONTROL NUMBER | |
| System control number | (Sirsi) u132052 |
| 041 0# - LANGUAGE CODE | |
| Language code of text/sound track or separate title | eng |
| 050 ## - LIBRARY OF CONGRESS CALL NUMBER | |
| Classification number | 693.9 $2 18 |
| 100 1# - MAIN ENTRY--PERSONAL NAME | |
| Personal name | Cripps, Andrew |
| 245 00 - TITLE STATEMENT | |
| Title | Crops in construction handbook |
| Medium | multimedia |
| 260 ## - PUBLICATION, DISTRIBUTION, ETC. | |
| Place of publication, distribution, etc. | London |
| Name of publisher, distributor, etc. | CIRIA |
| Date of publication, distribution, etc. | 2004 |
| 300 ## - PHYSICAL DESCRIPTION | |
| Extent | 112p. |
| Other physical details | ill |
| Dimensions | 30cm. |
| Accompanying material | +1 CD-ROM |
| 490 #0 - SERIES STATEMENT | |
| Series statement | CIRIA |
| Volume/sequential designation | 614 |
| 490 #0 - SERIES STATEMENT | |
| Series statement | CIRIA Research Project |
| Volume/sequential designation | 680 |
| 520 ## - SUMMARY, ETC. | |
| Summary, etc. | Handbook resulting from the CIRIA Research Project 680: "The use of agricultural crops (plant and animal) in construction". Aims to encourage the use of products derived from agricultural crops by UK construction professionals. Focuses on currently available projects and how these can be successfully used in construction projects. |
| 520 ## - SUMMARY, ETC. | |
| Summary, etc. | Accompanied by a CD-ROM (L133332) which is not available for loan. |
| 690 ## - LOCAL SUBJECT ADDED ENTRY--TOPICAL TERM (OCLC, RLIN) | |
| Topical term or geographic name as entry element | BUILT ENVIRONMENT-BUILDING MATERIALS-NON TIMBER ANIMAL AND VEGETABLE MATERIALS-VEGETABLE MATERIAL |
| 700 1# - ADDED ENTRY--PERSONAL NAME | |
| Personal name | Handyside, Richard |
| 700 1# - ADDED ENTRY--PERSONAL NAME | |
| Personal name | Dewar, Liam |
| 700 1# - ADDED ENTRY--PERSONAL NAME | |
| Personal name | Fovargue, Jonathan |
| 710 2# - ADDED ENTRY--CORPORATE NAME | |
| Corporate name or jurisdiction name as entry element | Construction Industry Research and Information Association |
| 9 (RLIN) | 4810 |
| 942 ## - ADDED ENTRY ELEMENTS (KOHA) | |
| Suppress in OPAC | 0 |
| Withdrawn status | Lost status | Source of classification or shelving scheme | Damaged status | Not for loan | Home library | Current library | Shelving location | Date acquired | Total Checkouts | Full call number | Barcode | Date last seen | Copy number | Price effective from | Koha item type |
|---|---|---|---|---|---|---|---|---|---|---|---|---|---|---|---|
| Dewey Decimal Classification | London | London | Folio | 22/12/2005 | F693.9 CRI | 30071764 | 06/08/2019 | 1 | 06/08/2019 | Book |